Регионална библиотека "Любен Каравелов" - Русе

Експлоатация на мелиоративна и поливна техника (Запис номер 187404)

MARC детайли
000 -Лидер
Контролно поле с фиксирана дължина 01336nam a2200325 c 4500
003 - Код на организацията, давaща контролен номер
Контролно поле BLK
005 - Дата и час на последна редакция
Контролно поле 20180421000443.0
008 - Елементи от данни с фиксирана дължина
fixed length control field 180411b bul|||||r ||||||| ||bul||
010 ## - Наследен системен номер
LC control number KNG00196413000
040 ## - Източник на каталожния запис
Идентификатор на билиотеката - собственик на записа BLK
041 ## - Код за език
Код за езика на текст/звукозапис или на отделно заглавие Български
Код за езика КДБФ Български
080 ## - УДК
Текстов определител УДК Селскостопански мелиорации
УДК код - определител по УДК 631.6
УДК определител
УДК - код + определител 631.6
100 1# - Редна дума - Автор
Автор Радулов, Петър Т.
Авторска отговорност първи автор
R(LIN) 344342
139 ## - Редно поле
Редна дума Радулов, Петър Т.
Авторски знак Раду - Р 18
245 10 - Сведения за заглавието
Заглавие Експлоатация на мелиоративна и поливна техника
Подзаглавни данни Учебник за студентите от ВТУ А. Кънчев - Русе
Редно поле (дума) Петър Т. Радулов.
257 ## - Страна на издаване
Страна на създаване/издаване България
260 ## - Област на издателските данни
-- Русе
Име на издателя, разпространителя и проч. ВТУ Ангел Кънчев
Година на издаване 1987
300 ## - Физическа характеристика
Страници 182 с.
Илюстрации и др. с табл., диагр., сх.
Размери/Мащаб 22 см
380 ## - Жанр
Жанр Селско стопанство
500 ## - Общи забележки
Забележка Кн. е деп. 1990 г. - Офс. изд. - 248 тир.
650 #4 - Допълнително описание по предмет – тема
Основно описание – тема или топоним Селскостопански мелиорации
9 (RLIN) 344343
650 #4 - Допълнително описание по предмет – тема
Основно описание – тема или топоним Напояване - учебници за ВУЗ
9 (RLIN) 344344
653 ## - Ключова дума – ненормативна
Ключова дума напоителни съоръжения
653 ## - Ключова дума – ненормативна
Ключова дума учебници за ВУЗ
852 ## - Местоположение
Форматна сигнатура Цб 160745
856 4# - Електронен адрес и достъп
Електронен формат pdf - файл
Път до файла /url/
856 4# - Електронен адрес и достъп
Електронен формат pdf - файл
Път до файла /url/
942 ## - АРТИКУЛИ
Вид на библиотечния материал Книги
Скрит в OPAC Не
944 ## - СЪЗДАВАНЕ И РЕДАКЦИЯ на ЗАПИСА
Създаване/Редакция Създаване
Дата на регистрацията/редакция 17.11.2016
Служител, извършил регистрацията/редакцията Станимира_Цанева
944 ## - СЪЗДАВАНЕ И РЕДАКЦИЯ на ЗАПИСА
Създаване/Редакция Редакция
Дата на регистрацията/редакция 17.11.2016
Служител, извършил регистрацията/редакцията Станимира_Цанева
999 ## - СИСТЕМНИ КОНТРОЛНИ НОМЕРА
Koha biblionumber 187404
Koha biblioitemnumber 187404
Наличности
Код за отписване Код за изгубен артикул Източник на класификационната схема Код за повреда Коз за рестрикции Код за отдаване Артикулен № Име на библиотеката - собственик Име на библиотеката, в която се намира в момента Статус (Текущо местоположение) Дата на вписване в системата Местоположение - отдел Цена в лева Инвентарен номер Систематично азбучна сигнатура Баркод Номер на екземпляра Цена в евро Служебна бележка Служебен тип на артикула
  Не е изгубен Universal Decimal Classification Не е повреден без рестрикции ползва се в читалня 327157 Регионална библиотека "Любен Каравелов" Русе Регионална библиотека "Любен Каравелов" Русе Хранилище 1987-01-01 Хранилище 0.79 527153 Цб 160745 120000527153 1 0.40 N: стар фонд Дата: 01.01.1987 Книги
Изтеглен Не е изгубен Universal Decimal Classification Не е повреден без рестрикции заемане за дома 327158 Регионална библиотека "Любен Каравелов" Русе Регионална библиотека "Любен Каравелов" Русе Заемна - подръчен фонд 1987-01-01 Заемна - подръчен фонд 0.79 528913 П 631.6/Р 18 528913 2 0.40 N: стар фонд Дата: 01.01.1987 Дата инв: 06.02.2018 Бележки инв: П2018 Книги
Изтеглен Не е изгубен Universal Decimal Classification Не е повреден без рестрикции заемане за дома 327159 Регионална библиотека "Любен Каравелов" Русе Регионална библиотека "Любен Каравелов" Русе Заемна - подръчен фонд 1987-01-01 Заемна - подръчен фонд 0.79 528912 П 631.6/Р 18 528912 3 0.40 N: стар фонд Дата: 01.01.1987 Дата инв: 06.02.2018 Бележки инв: П2018 Книги
Vip Innovations Ltd, Rousse, Bulgaria 2025